00474nam a22001937a 450000500170000001000110001702000220002803500110005003700160006104000120007708200110008910000180010024500420011826000310016027000270019130000200021865000240023865000180026220170124110112.0 a619158 c00.00a0491003153 a619158 bCen Lib/Ret aDPLbEN aNbHOW aHoward, Clark aThe doomsday squad /cby Clark Howard aLondonbW.H. allen c1971 bLondon aEssex street  a279p.c21cm(Hb) aEnglish literature  aEnglish novel